| 000 | 00000nam##2200000za#4500 |
| 001 | 9.539441 |
| 003 | CaOODSP |
| 005 | 20200331234724 |
| 007 | ta |
| 008 | 150406|2003||||xxc||||| f|0| 0 fre|d |
| 022 | |a0706-6457 |
| 040 | |aCaOODSP|bfre |
| 041 | |aeng |
| 041 | |afre |
| 043 | |an-cn--- |
| 086 | 1 |aFs97-6/2510 |
| 110 | 1 |aCanada. |bMinistère des pêches et des océans. |
| 245 | 10|aComptes rendus du 30e atelier annuel sur la toxicité aquatique : |bdu 28 septembre au 1er octobre 2003, Ottawa (Ontario) / |cÉditeurs, K. Hedley, S. Roe et A.J. Niimi. |
| 260 | |aOttawa - Ontario : |bPêches et Océans Canada |c2003. |
| 300 | |axvi, 158p. : |bfigures, références, tableaux ; |c28 cm. |
| 490 | 1 |aRapport technique canadien des sciences halieutiques et aquatiques|x0706-6457|v2510 |
| 500 | |aTextes d'introduction en français et en anglais. Texte intégrale ou résumé des documents en anglais. "Environment Canada, National Water Research Institute, Gatineau, QC, K1A 0H3; Environment Canada, National Guidelines and Standards Office, Gatineau, QC, K1A 0H3; Department of Fisheries and Oceans, Bayfield Institute, Burlington, ON, L7R 4A6". |
| 546 | |aLa majeure partie en anglais. |
| 563 | |aReliure à spirale |
| 590 | |a04-07|b2004-02-13 |
| 691 | 07|aÉchantillon|2gcpds |
| 691 | 07|aPoisson|2gcpds |
| 720 | 1 |aNiimi, A. J. |
| 720 | 1 |aHedley, K. |
| 720 | 1 |aRoe, S. |
| 776 | 0#|tProceedings of the 30th Annual Aquatic Toxicity Workshop : |w(CaOODSP)9.588185 |
| 791 | |tProceedings of the 30th Annual Aquatic Toxicity Workshop : |eeng|w(CaOODSP)9.539440 |
| 830 | #0|aRapport technique canadien des sciences halieutiques et aquatiques,|x0706-6457|v2510|w(CaOODSP)9.514690 |